| 000 | 01058nam a2200313 i 4500 | ||
|---|---|---|---|
| 005 | 20220316235244.0 | ||
| 007 | ta | ||
| 008 | 200421s2001 mx a gr 000 j spa d | ||
| 020 | _a9681649036 | ||
| 040 |
_aCO-BoRNBP _bspa _erda _cCO-BoRNBP |
||
| 041 | 0 | _aspa | |
| 043 | _as-ck--- | ||
| 084 | _aA BAN1 | ||
| 100 | 1 |
_aBanyai, Istvan _eautor |
|
| 245 | 1 | 0 |
_aZoom _cIstvan Banyai |
| 250 | _aPrimera edición | ||
| 264 | 1 |
_aMéxico _bFondo de Cultura Económica _c2001 |
|
| 300 |
_a64 páginas _bilustraciones _c23 cm |
||
| 336 |
_atexto _btxt _2rdacontent |
||
| 337 |
_asin mediación _bn _2rdamedia |
||
| 338 |
_avolumen _bnc _2rdacarrier |
||
| 490 | 0 | _aLos especiales a la orilla del viento | |
| 500 | _aMaterial bibliográfico recopilado en la estrategia de tutores de la RNBP | ||
| 521 | _aRecomendado para un público infantil y juvenil | ||
| 650 | 1 | 7 |
_aCuentos infantiles estadounidenses _ySiglo XX _2ARMARC |
| 650 | 2 | 7 |
_aLiteratura infantil estadounidense _ySiglo XX _2ARMARC |
| 650 | 2 | 7 |
_aHistorias sin palabras _vCuentos _2ARMARC |
| 942 |
_2loc _cBKLIT |
||
| 999 |
_c389 _d389 |
||